| 000 | 01166cab a22002175a 4500 | ||
|---|---|---|---|
| 001 | L154007 | ||
| 008 | 111003e20110930xxk 000 0 eng d | ||
| 035 | _a(Sirsi) u154007 | ||
| 041 | 0 | _aeng | |
| 110 | 2 |
_aProperty Week _91549 |
|
| 245 | 0 | 2 | _aA guide to European Investment |
| 260 | _c2011 | ||
| 490 | 0 |
_aProperty Week International _v77(39) 30 September 2011, (8) |
|
| 520 | _aEurope still presents opportunities, despite slow summer and reduced lending levels. "State of the market" shows eastern investors flocking to European safe havens as uncertainty slows commercial property. "Europe's banks" reports that continental lenders are struggling to reduce their property exposure. "Green investment" notes that demand for energy-efficient buildings increases as environmental regulation tightens and energy costs rise. Concludes with briefings on Invesco Real Estate, and German open-ended funds overseas. | ||
| 590 | _aKA | ||
| 651 | 4 | _aEurope | |
| 690 | _aPROPERTY-COMMERCIAL PROPERTY-COMMERCIAL PROPERTY MARKET | ||
| 690 | _aPROPERTY-COMMERCIAL PROPERTY-COMMERCIAL PROPERTY FINANCE AND INVESTMENT | ||
| 710 |
_aS J Berwin & Co _92924 |
||
| 942 | _n0 | ||
| 999 |
_c83447 _d83447 |
||